CÁTALOGO MUNICIPAL







De Barranco a París / (Registro nro. 10878)

Detalles MARC
000 -Cabecera (24)
Campo de control interno 00541nam a22001934a 4500
001 - Número de control
Campo de control BIBLIOTECA MUNICIPAL DE BARRANCO
007 - Tipo material - Descripcion fisica - info general
Tipo material ta
008 - Códigos de longitud fija (40p)
Campo de control de longitud fija t pe gr 00| 0 spa d
040 ## - Origen de la Catalogacion
Origen de la Catalogacion BIBLIOTECA MUNICIPAL DE BARRANCO
041 ## - Código de idioma (R)
Código de lengua del texto/banda sonora o título independiente (R) spa
043 ## - Pais ISO
País ISO pe
082 ## - Número de la Clasificación
Número de la Clasificación 869.56
Número de documento/Ítem LI79 2023
100 ## - Autor Personal
Autor Personal Llaury, S.H, 1961
245 ## - Titulo
Titulo De Barranco a París /
Mencion del autor S.H. Llaury
260 ## - Pie de imprenta
Ciudad Lima :
Editorial [s.n.]
Año 2023
300 ## - Descripcion
Páginas 94 p. :
Dimensiones 21 cm.
650 #0 - Temas - Descriptores
9 (RLIN) 2089
Temas - Descriptores Novelas peruanas - Siglo XX
942 ## - Datos personalizados Koha
Tipo de Documento Libros
Fecha procesamiento 2025-05-29
Catalogador GHÑ
Existencias
Fuente de Clasificacion Deterioro (estado) Ubicacion permanente Ubicacion actual Fecha de Ingreso a la Biblioteca Numero inventario Prestamos Signatura Topográfica Código de barras Ultima fecha de verificacion Tipo de Item Ubicación en edificio Precio dolares Ejemplar
Dewey Decimal Classification   Biblioteca Municipal Manuel Beingolea Biblioteca Municipal Manuel Beingolea 05/29/2025 005859   869.56 LI79 2023 005859 05/29/2025 Libros Estantería cerrada    
Dewey Decimal Classification   Biblioteca Municipal Manuel Beingolea Biblioteca Municipal Manuel Beingolea 05/29/2025 005979   869.56 LI79 2023 005979 05/29/2025 Libros Sala - Estantería abierta   Ej.2

  

  GERENCIA DE CULTURA Y TURISMO

  Biblioteca Municipal de Barranco

  Auspiciado por la Municipalidad Distrial de Barranco

  Horario de atención: De lunes a sábado de 8:00 am a 5:00 pm.

  Correo electrónico: biblioteca@munibarranco.gob.pe

  Teléfono :203-6730, anexo 303


Ubicación